书目信息 |
| 题名: |
中国政府项目的运作逻辑
|
|
| 作者: | 史普原 著 | |
| 分册: | ||
| 出版信息: | 天津 天津人民出版社 2017 |
|
| 页数: | 201页 | |
| 开本: | 23cm | |
| 丛书名: | 中国政府与政治研究系列 | |
| 单 册: | ||
| 中图分类: | F284 | |
| 科图分类: | ||
| 主题词: | 政府投资--基本建设项目--工程项目管理--研究--中国 | |
| 电子资源: | ||
| ISBN: | 978-7-201-12220-5 | |
| 000 | 01406oam2 2200301 450 | |
| 001 | 012001005630 | |
| 005 | 20080820141410.0 | |
| 010 | @a978-7-201-12220-5@dCNY54.00 | |
| 100 | @a20180217d2017 em y0chiy50 ea | |
| 101 | 0 | @achi |
| 102 | @aCN@b120000 | |
| 105 | @ay z 000yy | |
| 106 | @ar | |
| 200 | 1 | @a中国政府项目的运作逻辑@9zhong guo zheng fu xiang mu di yun zuo luo ji@e一个组织学分析@dThe dynamical logic of governmental earmarked projects in China@ean organizational approach@f史普原著@zeng |
| 210 | @a天津@c天津人民出版社@d2017 | |
| 215 | @a201页@d23cm | |
| 225 | 1 | @a中国政府与政治研究系列@f朱光磊主编 |
| 300 | @a教育部“中国政府科层体系下的项目运作”课题资助项目 | |
| 314 | @a史普原,男,河南濮阳人,目前就职于浙江大学。2014年获得北京大学社会学博士学位,2017年南开大学政治学博士后出站。 | |
| 330 | @a本书系统地分析了我国当前政府项目的运作逻辑,按照组织视角,划分为政府自供项目、中央公共产品项目、地方产业项目、网络型项目等若干大类,分别给予了理论、机制、实证方面的论证。 | |
| 461 | 0 | @12001 @a中国政府与政治研究系列 |
| 510 | 1 | @aDynamical logic of governmental earmarked projects in China@ean organizational approach@zeng |
| 517 | 1 | @a一个组织学分析@9yi ge zu zhi xue fen xi |
| 606 | 0 | @a政府投资@x基本建设项目@x工程项目管理@x研究@y中国 |
| 690 | @aF284@v5 | |
| 701 | 0 | @a史普原@9shi pu yuan@4著 |
| 801 | 0 | @aCN@b上海新华@c20181010 |
| 905 | @b1174746-50@dF284@e1664@f5 | |
| 中国政府项目的运作逻辑:一个组织学分析=The dynamical logic of governmental earmarked projects in China:an organizational approach/史普原著.-天津:天津人民出版社,2017 |
| 201页;23cm.-(中国政府与政治研究系列/朱光磊主编) |
| 教育部“中国政府科层体系下的项目运作”课题资助项目 |
| ISBN 978-7-201-12220-5:CNY54.00 |
| 本书系统地分析了我国当前政府项目的运作逻辑,按照组织视角,划分为政府自供项目、中央公共产品项目、地方产业项目、网络型项目等若干大类,分别给予了理论、机制、实证方面的论证。 |
| ● |
| 相关链接 |
|
|
|
|
正题名:中国政府项目的运作逻辑
索取号:F284/1664
 
预约/预借
| 序号 | 登录号 | 条形码 | 馆藏地/架位号 | 状态 | 备注 |
| 1 | 1174746 | 211747467 | 第一样本阅览室/ [索取号:F284/1664] | 在馆 | |
| 2 | 1174747 | 211747476 | 第一借阅区/ [索取号:F284/1664] | 在馆 | |
| 3 | 1174748 | 211747485 | 第一借阅区/ [索取号:F284/1664] | 在馆 | |
| 4 | 1174749 | 211747494 | 第一借阅区/ [索取号:F284/1664] | 在馆 | |
| 5 | 1174750 | 211747500 | 密集书库-海洋学院/ [索取号:F284/1664] | 在馆 |